Sky watch / (Record no. 4535)

MARC details
000 -LEADER
fixed length control field 00857nam a22002654a 4500
001 - CONTROL NUMBER
control field 4535
003 - CONTROL NUMBER IDENTIFIER
control field FISKH
005 - DATE AND TIME OF LATEST TRANSACTION
control field 20250819084626.0
008 - FIXED-LENGTH DATA ELEMENTS--GENERAL INFORMATION
fixed length control field 000519s1999 cou 000 0 eng
010 ## - LIBRARY OF CONGRESS CONTROL NUMBER
LC control number 00267189
020 ## - INTERNATIONAL STANDARD BOOK NUMBER
International Standard Book Number 0769904726
020 ## - INTERNATIONAL STANDARD BOOK NUMBER
International Standard Book Number 9781740898386
040 ## - CATALOGING SOURCE
Original cataloging agency DLC
Transcribing agency DLC
Language of cataloging eng
Modifying agency FISKH
050 ## - LIBRARY OF CONGRESS CALL NUMBER
Classification number PZ7
082 ## - DEWEY DECIMAL CLASSIFICATION NUMBER
Classification number 520
100 1# - MAIN ENTRY--PERSONAL NAME
Personal name Owen, Weldon.
245 10 - TITLE STATEMENT
Title Sky watch /
Statement of responsibility, etc. [Weldon Owen]
260 ## - PUBLICATION, DISTRIBUTION, ETC.
Place of publication, distribution, etc. Sydney :
Name of publisher, distributor, etc. Weldon Owen,
Date of publication, distribution, etc. 2008
300 ## - PHYSICAL DESCRIPTION
Extent 32 pages :
Dimensions color illustrations ;
Other physical details 23 cm
520 ## - SUMMARY, ETC.
Summary, etc. Have you seen the stars at night? Sometimes they form patterns. You can see them very clearly with a telescope. One very special space telescope has even orbited the Earth.
650 ## - SUBJECT ADDED ENTRY--TOPICAL TERM
Topical term or geographic name entry element Constellations
Form subdivision Stars
General subdivision Planet
906 ## - LOCAL DATA ELEMENT F, LDF (RLIN)
a 0
b ibc
c orignew
d 2
e ncip
f 20
g y-gencatlg
942 ## - ADDED ENTRY ELEMENTS (KOHA)
Source of classification or shelving scheme Dewey Decimal Classification
Koha item type Books
Suppress in OPAC No
Holdings
Withdrawn status Lost status Source of classification or shelving scheme Damaged status Not for loan Collection Home library Current library Shelving location Date acquired Total Checkouts Full call number Barcode Date last seen Copy number Price effective from Koha item type
    Dewey Decimal Classification     Non-Fiction Footprints International School Library Network Toul Kork Campus Footprints International School Library Network Toul Kork Campus A TK Campus, 4th Floor, Room B401, Non-Fiction Bookcases(7-8) 09/13/2024   OWE 520 PZ7 FISTK01044 09/13/2024 1 09/13/2024 Books
    Dewey Decimal Classification     Non-Fiction Footprints International School Library Network Toul Tom Poung Campus Footprints International School Library Network Toul Tom Poung Campus TTP Secondary Non-Fiction Bookshelves 06/17/2025   OWE 520 PZ7 FIS05268 06/17/2025 2 06/17/2025 Books
    Dewey Decimal Classification     Non-Fiction Footprints International School Library Network Toul Tom Poung Campus Footprints International School Library Network Toul Tom Poung Campus TTP Secondary Non-Fiction Bookshelves 08/18/2025   OWE 520 PZ7 FISBK00011 08/18/2025 3 08/18/2025 Books